№ 3 (83) июль-сентябрь; Вестник РФФИ

Библиографические подробности
Источник:Вестник РФФИ: научный журнал/ Российский фонд фундаментальных исследований (РФФИ). № 3 (83) июль-сентябрь.— , 2009-
Язык:русский
Опубликовано: 2014
Формат: Книга
Запись в KOHA:https://koha.lib.tpu.ru/cgi-bin/koha/opac-detail.pl?biblionumber=559758

MARC

LEADER 00000nam2a2200000 4500
001 559758
005 20231101122637.0
035 |a (RuTPU)RU\TPU\prd\254694 
090 |a 559758 
100 |a 20160331a19949999k y0rusy50 ca 
101 0 |a rus 
102 |a RU 
200 0 |a № 3 (83) июль-сентябрь 
210 |d 2014 
461 1 |0 (RuTPU)RU\TPU\prd\526  |t Вестник РФФИ  |o научный журнал  |f Российский фонд фундаментальных исследований (РФФИ)  |v № 3 (83) июль-сентябрь  |d 2009- 
801 0 |a RU  |b 63413507  |c 20010227  |g PSBO 
801 1 |a RU  |b 63413507  |c 20160331 
801 2 |a RU  |b 63413507  |c 20230329  |g RCR 
942 |c BK 
999 |a НТБ_ТПУ  |b НФ  |e -1/20160111  |p П-9211  |u 0,00  |v 1